000 01120nam0a22002531 4500
001 rc\4876474
005 20260407123533.0
035 _a(NLR Aleph) 008824472
090 _a8243091
_c8243091
100 _a20130426a19649999|||y0rusy50 ca
101 0 _arus
102 _aRU
105 _ay z |||||
200 1 _aСписок переводов, полученных Центральной военно-морской библиотекой
_fЦентр. воен.-мор. б-ка
210 _aЛенинград
_cБ. и.
_d1964-
300 _aОтпеч. множит. аппаратом
333 _aОгранич. пользования
710 0 2 _aЦентральная военно-морская библиотека
_cЛенинград
_3RU\NLR\AUTH\889962853
_9422007
801 0 _aRU
_bNLR
_gpsbo
801 1 _aRU
_bELAR
_2rusmarc
830 _aПеречень имеющихся в библиотеке томов, номеров, годов этого издания смотри в каталоге периодических изданий
852 _aNLR
_jС357-666/С-72
942 _cBOOK
980 _aNB